International environmental policy : interests and the failure of the Kyoto process /

Bibliographic Details
Main Author: Boehmer-Christiansen, Sonja
Other Authors: Kellow, Aynsley J. (Aynsley John), 1951-
Format: Book
Language:English
Published: Cheltenham, UK ; Northampton, MA : Edward Elgar, [2002]
Subjects:

MARC

Tag First Indicator Second Indicator Subfields
LEADER 00000cam a22000004a 4500
001 in00001738136
005 20151024220104.0
008 020521s2002 enk b 001 0 eng
010 |a  2002072175 
020 |a 184064818X 
035 |a (OCoLC)ocm49926259 
040 |a DLC  |c DLC  |d TXA  |d UtOrBLW 
042 |a pcc 
049 |a TXAM 
050 0 0 |a GE170  |b .B64 2002 
082 0 0 |a 363.7/0526  |2 21 
100 1 |a Boehmer-Christiansen, Sonja. 
245 1 0 |a International environmental policy :  |b interests and the failure of the Kyoto process /  |c Sonja Boehmer-Christiansen, Aynsley Kellow. 
264 1 |a Cheltenham, UK ;  |a Northampton, MA :  |b Edward Elgar,  |c [2002] 
264 4 |c ©2002 
300 |a xi, 214 pages ;  |c 25 cm. 
336 |a text  |b txt  |2 rdacontent 
337 |a unmediated  |b n  |2 rdamedia 
338 |a volume  |b nc  |2 rdacarrier 
504 |a Includes bibliographical references (pages 187-204) and index. 
650 0 |a Environmental policy  |x International cooperation. 
650 0 |a Environmental risk assessment  |x International cooperation. 
650 0 |a Greenhouse gases  |x Government policy  |x International cooperation. 
650 0 |a Air  |x Pollution  |x Government policy  |x International cooperation. 
650 0 |a Global warming  |x Economic aspects. 
700 1 |a Kellow, Aynsley J.  |q (Aynsley John),  |d 1951- 
948 |a cataloged  |b h  |c 2003/3/10  |d c  |e dmitchel  |f 9:30:40 am 
994 |a E0  |b TXA 
999 |a MARS 
999 f f |s a44094e3-842c-38ab-8290-1a9f121853b5  |i 2a84232c-e0ff-30b6-bcd7-012c447b7f87  |t 0 
952 f f |p ric  |a Texas A&M University  |b Rellis Campus  |c Joint Library Facility  |d Remote Storage  |t 0  |e GE170 .B64 2002  |h Library of Congress classification  |i unmediated -- volume  |m A14829951869 
998 f f |a GE170 .B64 2002  |t 0  |l Remote Storage